00340nam a2200133Ia 450000100060000000800410000602000150004704000130006208200180007524500600009326000350015330000110018854600070019968312150819s9999 xx 000 0 und d a058236664X cPK-LaUMT aRCC 478bECC- aECCE Romani a Latin reading programbmeeting the family aNew York, USA:bLongman,c1984 a111 p. aEN